[Event "Alcudia Belleuve"]
[White "Sanchez Rodriguez, Francisco"]
[Black "Wallace, Mitchel"]
[Site "Alcudia"]
[Round "6.13"]
[Result "1-0"]
[Date "2012.10.19"]
[WhiteElo "1933"]
[BlackElo "1833"]
[PlyCount "51"]
[EventDate "2012.10.14"]
[EventType "swiss"]
[EventRounds "9"]
[EventCountry "ESP"]
[SourceTitle "EXT 2024"]
[Source "ChessBase"]
[SourceDate "2023.10.10"]
[SourceVersion "1"]
[SourceVersionDate "2023.10.10"]
[SourceQuality "1"]

1. Nf3 d6 2. d4 Nf6 3. Nc3 Nbd7 4. e4 e5 5. dxe5 dxe5 6. Bc4 Be7 7. Bg5 c6 8. 0-0 Qc7 9. a4 a5 10. Qe2 h6 11. Bh4 Nf8 12. Bg3 Ng6 13. h3 Nh5 14. Bxf7+ Kxf7 15. Nxe5+ Nxe5 16. Qxh5+ Kf6 17. f4 Nc4 18. Bh4+ g5 19. e5+ Kg7 20. fxg5 Nxe5 21. Bg3 Be6 22. Bxe5+ Qxe5 23. gxh6+ Rxh6 24. Qxe5+ Bf6 25. Rxf6 Rxf6 26. Rf1 1-0

[Event "Mallorca-chT Preferente"]
[White "Sanchez Rodriguez, Francisco"]
[Black "Navarrete Terrasa, Sebastian"]
[Site "Palma de Mallorca"]
[Round "9.2"]
[Result "1/2-1/2"]
[Date "2012.03.31"]
[WhiteElo "1898"]
[BlackElo "2007"]
[PlyCount "70"]
[EventDate "2012.01.28"]
[EventType "team"]
[EventRounds "9"]
[EventCountry "ESP"]
[SourceTitle "EXT 2014"]
[Source "ChessBase"]
[SourceDate "2013.11.20"]
[SourceVersion "1"]
[SourceVersionDate "2013.11.20"]
[SourceQuality "1"]
[WhiteTeam "Inca"]
[BlackTeam "Mate en Dos"]
[WhiteTeamCountry "ESP"]
[BlackTeamCountry "ESP"]

1. Nf3 Nf6 2. d4 g6 3. c4 Bg7 4. Nc3 d5 5. cxd5 Nxd5 6. e4 Nxc3 7. bxc3 0-0 8. Be3 c5 9. Be2 cxd4 10. Bxd4 Nc6 11. Bxg7 Kxg7 12. 0-0 b6 13. Qc2 Qc7 14. Rac1 Bb7 15. c4 Kg8 16. c5 Na5 17. cxb6 Qxc2 18. Rxc2 Bxe4 19. Rc7 axb6 20. Rxe7 Bd5 21. a3 Nc4 22. Rd1 Bxf3 23. Bxf3 Rxa3 24. h3 Ra5 25. Bd5 Rc5 26. Bxc4 Rxc4 27. Rb7 Rb4 28. Rd6 Rb1+ 29. Kh2 Rb2 30. Kg3 b5 31. Rd5 b4 32. Rd4 Rb3+ 33. f3 Ra8 34. Rdd7 Rf8 35. Rd4 Ra8 1/2-1/2

[Event "Mallorca-chT Preferente"]
[White "Massanet Massanet, Sebastian"]
[Black "Sanchez Rodriguez, Francisco"]
[Site "Palma de Mallorca"]
[Round "6.3"]
[Result "1-0"]
[Date "2012.03.10"]
[WhiteElo "2213"]
[BlackElo "1898"]
[PlyCount "113"]
[EventDate "2012.01.28"]
[EventType "team"]
[EventRounds "9"]
[EventCountry "ESP"]
[SourceTitle "EXT 2014"]
[Source "ChessBase"]
[SourceDate "2013.11.20"]
[SourceVersion "1"]
[SourceVersionDate "2013.11.20"]
[SourceQuality "1"]
[WhiteTeam "Dimonis Algaida"]
[BlackTeam "Inca"]
[WhiteTeamCountry "ESP"]
[BlackTeamCountry "ESP"]

1. e4 c5 2. Nf3 d6 3. d4 cxd4 4. Nxd4 Nf6 5. Nc3 g6 6. Be3 Bg7 7. f3 0-0 8. Qd2 Nc6 9. Bc4 Bd7 10. 0-0-0 Rb8 11. h4 b5 12. Bb3 Na5 13. h5 Nc4 14. Bxc4 bxc4 15. hxg6 fxg6 16. Nb1 Qb6 17. c3 Qa5 18. Na3 Rb7 19. Ndc2 Rfb8 20. Nb4 Qa4 21. Qe2 Be6 22. Qc2 Qxc2+ 23. Naxc2 Bd7 24. Na6 Rc8 25. Nd4 Rb6 26. Nb4 a5 27. Nd5 Nxd5 28. exd5 Rb7 29. Rhe1 Rcb8 30. Rd2 a4 31. a3 Bf5 32. g3 Kf7 33. Rh2 h5 34. Nxf5 gxf5 35. Ree2 Bxc3 36. Rc2 Bf6 37. Rxh5 Bxb2+ 38. Kd1 Kg6 39. Rg5+ Kf6 40. g4 e6 41. gxf5 exf5 42. f4 Rb5 43. Rxc4 Rxd5+ 44. Kc2 Bxa3 45. Bd4+ Ke6 46. Rg6+ Kf7 47. Rf6+ Ke8 48. Rxa4 Bc5 49. Bc3 Rc8 50. Kb3 Ke7 51. Rg6 Rd1 52. Ra2 d5 53. Re2+ Kf7 54. Rf6+ Kg8 55. Rg2+ Kh7 56. Rf7+ Kh6 57. Rh2+ 1-0